000 00398nam a2200181Ia 4500
100 _aMittle/V.N/ Mittle/A
650 _aElectrical Engineering
250 _a2
942 _cBK
366 _f20
654 _aelectrical
245 _aBasic Electrical Engineering
260 _bMcGraw Hill
_aNew Delhi
_c2006
082 _a621.3/MIT
_bMIT
300 _a828
546 _aENGLISH
999 _c25703
_d25703